[Event "URU-ch sf"]
[Site "Montevideo"]
[Date "2024.02.10"]
[Round "3"]
[White "Rodriguez Farias, Eduardo"]
[Black "Gorin, Fernando"]
[Result "1-0"]
[WhiteElo "1836"]
[BlackElo "1704"]
[PlyCount "105"]
[EventDate "2024.02.09"]
[EventType "swiss"]
[EventRounds "7"]
[EventCountry "URU"]
[SourceTitle "CB08_2024"]
[SourceDate "2024.02.21"]
[SourceVersion "1"]
[SourceVersionDate "2024.02.21"]
[SourceQuality "1"]

1. e4 e6 2. d4 d5 3. e5 c5 4. c3 Nc6 5. Nf3 Qb6 6. Bd3 cxd4 7. cxd4 Bd7 8. 0-0 Nxd4 9. Nbd2 Nxf3+ 10. Nxf3 Ne7 11. Be3 Qd8 12. Ng5 Nf5 13. Bxf5 exf5 14. Qxd5 Be6 15. Nxe6 fxe6 16. Qxe6+ Qe7 17. Qxf5 g6 18. Qg4 Bg7 19. Bg5 Qf7 20. Qa4+ Kf8 21. e6 Qe8 22. e7+ Kg8 23. Qb3+ Qf7 24. Qxb7 Re8 25. Rfe1 h6 26. Bh4 Kh7 27. Bg3 Qf6 28. Be5 Qb6 29. Qxb6 axb6 30. Bxg7 Kxg7 31. Re6 Rb8 32. Rae1 Kf7 33. a4 Rhe8 34. g3 b5 35. a5 b4 36. f4 Rb5 37. R6e5 Rb7 38. b3 Ra7 39. R1e4 Rb7 40. Kf2 Kf6 41. Kf3 g5 42. Re6+ Kg7 43. f5 Rb5 44. R6e5 Rb7 45. Kg4 Kf7 46. Kh5 Kg7 47. a6 Rb6 48. Ra5 Rbb8 49. a7 Ra8 50. Re6 Kf7 51. Kxh6 g4 52. Kg5 Rg8+ 53. Kf4 1-0

[Event "Montevideo Duchamp Cup 7th"]
[Site "Montevideo"]
[Date "2024.02.08"]
[Round "8"]
[White "Gorin, Fernando"]
[Black "Piriz, Facundo"]
[Result "1/2-1/2"]
[WhiteElo "1704"]
[BlackElo "1331"]
[PlyCount "96"]
[EventDate "2024.02.01"]
[EventType "swiss"]
[EventRounds "9"]
[EventCountry "URU"]
[SourceTitle "CB07_2024"]
[SourceDate "2024.02.14"]
[SourceVersion "1"]
[SourceVersionDate "2024.02.14"]
[SourceQuality "1"]

1. e4 c5 2. c3 d6 3. d4 cxd4 4. cxd4 Nf6 5. Bd3 Bd7 6. Nf3 e6 7. 0-0 Be7 8. Nc3 0-0 9. a3 a6 10. b4 Qc7 11. Bb2 b5 12. Rc1 Qb6 13. Bb1 Bc6 14. Re1 Qb7 15. Qd3 g6 16. h3 Rd8 17. Qe3 Bf8 18. Nh2 Nbd7 19. Rcd1 Nb6 20. Ba2 Bg7 21. Ng4 Nxg4 22. hxg4 d5 23. e5 Nc4 24. Bxc4 dxc4 25. Qh3 Rd7 26. Bc1 Rad8 27. Bg5 Rc8 28. Kh2 h6 29. Be3 g5 30. f4 f6 31. Rd2 fxe5 32. fxe5 Qc7 33. Qh5 Bxe5+ 34. dxe5 Qxe5+ 35. Kh1 Qxc3 36. Qg6+ Qg7 37. Qxe6+ Qf7 38. Qxh6 Qh7 39. Bxg5 Qxh6+ 40. Bxh6 Rxd2 41. Bxd2 Re8 42. Rxe8+ Bxe8 43. Kh2 Kf7 44. Kg3 Ke6 45. Kf4 Kd5 46. Bc3 Bg6 47. g3 Bh7 48. Be5 Be4 1/2-1/2